000
00289nam a2200121 a 4500
001
000002437
005
20200929150208.0
008
090702s2003 000 spa d
020
_a
8489384444
245
0
_a
Cuando los niños dicen ¡basta!
260
_a
Madrid,
_c
2003.
999
_c
2273
_d
2273
040
_a
DO-SdBNP